[Event "RUS-chT 11th"]
[Site "Sochi"]
[Date "2004.04.25"]
[Round "6.1"]
[White "Grischuk, Alexander"]
[Black "Geller, Jakov"]
[Result "1-0"]
[WhiteElo "2719"]
[BlackElo "2489"]
[Annotator "Ribli,Z"]
[PlyCount "53"]
[EventDate "2004.04.20"]
[EventType "team-tourn"]
[EventRounds "9"]
[EventCountry "RUS"]
[SourceTitle "EXT 2020"]
[Source "ChessBase"]
[SourceDate "2019.10.17"]
[SourceVersion "1"]
[SourceVersionDate "2019.10.17"]
[SourceQuality "1"]
[WhiteTeam "Ekaterinburg Max Ven"]
[BlackTeam "Togliatti Lada"]
[WhiteTeamCountry "RUS"]
[BlackTeamCountry "RUS"]

1. e4 {Ftacnik} c5 2. Nf3 e6 3. d4 cxd4 4. Nxd4 Nc6 5. Nc3 Qc7 6. Be3 a6 7. Qd2
Nf6 8. O-O-O {Grischuk spielt diese scharfe Variante gern.} Bb4 9. f3 Ne5 {
Das ist die eigentliche Hauptvariante, aber 9...Na5, 9...Ne7 kommen auch stark
in Betracht.} 10. Nb3 b5 11. Qe1 {Ftacnik: 'The white queen is retreating to
the less exposed square than d2. The immediate threat is Nxb5 and potential
jump of the knight to c4 will not come with a tempo.' Die Idee des Damenzuges
ist, dass jetzt 12.Nxb5 droht und Weiß kann eventuell auch Qg3 spielen.} Be7 {
Schwarz verteidigt sich gegen 12.Nxb5, aber der Textzug scheint mir etwas zu
passiv zu sein.} (11... Nc4 12. Bd4 $1 O-O (12... e5 $2 13. Qg3 Nh5 14. Qg5
Bxc3 15. Bxc3 g6 16. Bxc4 f6 17. Bxe5 Qxe5 18. Qxe5+ fxe5 19. Bd5 $18 {1/2-1/2
Vuckovic,B-Perunovic,M/Sozina SCG 2004/(39)}) 13. e5 Bxc3 14. Bxc3 Nd5 15. Bd4
d6 (15... Bb7 16. Kb1 Rac8 17. Bd3 f6 18. Qh4 f5 19. Rhe1 Rf7 20. Qf2 a5 21.
Nc5 {1-0 Iordachescu,V-Goloshchapov,A/Budva SCG 2003/(38)}) 16. exd6 Qxd6 17.
Kb1 Rd8 (17... Qf4) 18. Bd3 Bb7 19. Bxc4 bxc4 20. Na5 Qe7 (20... c3 21. Qe5
Qxe5 22. Bxe5) 21. Nxc4 f6 22. Qf2 {1-0 Azarov,S-Teterev,V/Minsk BLR 2004/
[Ribli] (72)}) (11... Rb8 $5 12. Qg3 Be7 13. Kb1 d6 14. f4 Nc4 15. Bd4 b4 16.
Na4 O-O 17. Qd3 d5 18. exd5 exd5 19. Be2 Ne4 20. Bf3 f5 $13 {1-0 Acs,
P-Portisch,L/Zalaegerszeg HUN 2004/(55)}) (11... Bxc3 $6 12. Qxc3 Qxc3 13. bxc3
d5 (13... Nc4 14. Bxc4 bxc4 15. Na5 d5 16. exd5 Nxd5 $5 (16... exd5 17. Bd4 $16
) 17. Bd4 f6 18. Nxc4 $14) 14. Bd4 $14 {[%csl Gd4]} Ned7 15. exd5 Nxd5 $5 16.
Bxg7 Rg8 17. Bd4 Bb7 18. c4 $1 bxc4 19. Na5 {[%cal Ra5b7,Ra5c4]} O-O-O 20. Nxc4
$16 {[%cal Gc4d6,Gd6c8,Gd6f7] 1/2-1/2 Iordachescu,V-Macieja,B/Bermuda 2004/CBM
99/[Ribli] (51)}) 12. f4 $1 {Weiß beginnt eine sofortige Aktion im Zentrum.} (
12. Kb1 {Dieser prophylaktische Zug ist überflüssig.} d6 13. Qf2 Rb8 14. g4 b4
15. Ne2 a5 16. g5 Nfd7 17. Nbd4 Nc4 18. Bc1 Qc5 19. Qg1 Ndb6 20. Ng3 Bd7 {
1/2-1/2 Balogh,C-Portisch,L/Miskolc HUN 2004/(26)}) 12... Nc4 (12... Neg4 13.
e5 $16) 13. e5 Ng4 (13... Nxe3 $2 14. Qxe3 $16 Ng4 $4 15. Qf3 $18 {[%cal Rf3a8,
Rf3g4]}) 14. Bd4 {Weiß hat Raum- und Entwicklungsvorteil und der g4N steht
angreifbar, so kann h3 und g4 folgen.} f5 (14... Bb7 15. Bd3 f5 16. h3 Nh6 17.
Rg1 Rc8 18. g4 {'?!' Ftacnik.} (18. Qf2 {Ftacnik} d6 19. Bxc4 bxc4 20. Bb6 Qb8
21. exd6 Bxd6 22. Nc5 $14) 18... b4 19. Na4 Bf3 20. gxf5 Nxf5 21. Bxf5 exf5 22.
Nac5 Bxd1 23. Qxd1 $44 {1-0 Karjakin,S-Grabliauskas,V/Dos Hermanas 2004/CBM 99
ext (55) Ftacnik: '1-0 Karjakin,S-Grabliauskas,V/Dos Hermanas 2004/ (55)'}) 15.
h3 Nh6 16. Qf2 $14 {[%csl Rh6][%cal Gf2a7] '!' Ftacnik. Der h6N steht weit vom
Hauptkriegschauplatz und Weiß hat starke Kontrolle über die Diagonale g1-a7.}
Bb7 (16... d5 17. exd6 Bxd6 18. Kb1 $14 (18. g3 {Ftacnik} Bb7 19. Rg1 O-O 20.
Bc5 $16)) 17. Bxc4 $1 {Weiß tauscht die beste schwarze Figur.} bxc4 {'?'
Ftacnik. Ftacnik: 'Geller has not appreciated enough the danger of the ensuing
pawn structure, the soldier on c4 will be very weak.'} (17... Qxc4 18. Bc5 $1
$16 {[%csl Rc4,Yd6]} (18. Na5 $14 Qc8 {Ftacnik} 19. Kb1 Bc6 20. Be3 O-O 21.
Nxc6 Qxc6 22. Ne2 $14)) 18. Bb6 Qc6 (18... Qc8 19. Na5 $16) 19. Na5 $16 {
Weiß opfert zeitweilig einen Bauern, aber er bekommt überlegenes Spiel.} Qxg2
20. Qd4 {'!' Ftacnik. Ftacnik: 'The centralization of the queen underlines the
positional bancrupcy of the opponent.'} Bc8 (20... Be4 21. Qxd7+ (21. Nxe4 Qxe4
22. Nxc4 $16) 21... Kf7 22. Nxe4 Qxe4 23. Nc6 Qxf4+ (23... Rhe8 24. Rhf1 $18)
24. Kb1 Rhe8 25. Bc5 Ng8 26. Rhf1 $40) 21. Bc5 {[%mdl 32] Weiß will die
dunkelfarbigen Läufer tauschen, wonach das d6-Schlüsselfeld ganz schwach
werden würde.} (21. Qe3 $16) 21... Bxc5 22. Qxc5 Kf7 (22... Nf7 23. Rhg1 Qxh3
24. Rxg7 $18) 23. Qe3 $18 {[%csl Rg2][%cal Rd1g1,Rg1g2] Die schwarze Dame
befindet sich in großer Not - es droht 24.Rdg1 mit Damenfang.} Rb8 $8 24. Rhg1
Qa8 {Ein bescheidener Platz für die Dame...} 25. Nxc4 {[%csl Yd6][%cal Rc4d6,
Rd6f7]} Rf8 26. Nd6+ Kg8 27. Rxg7+ $1 {[%mdl 64] Ftacnik: 'Black's forces are
so poorly coordinated, that white can afford to invest material into mating
attack.' Diese kleine Kombination gewinnt leicht.} (27. Rxg7+ $1 Kxg7 28. Rg1+
Kh8 (28... Ng4 29. hxg4 $18) 29. Qg3 Ng4 (29... Rg8 30. Qxg8+ (30. Nf7+ $18)
30... Nxg8 31. Nf7#) 30. hxg4 $18) 1-0

[Event "RUS-chT 11th"]
[Site "Sochi"]
[Date "2004.04.26"]
[Round "7.1"]
[White "Gelfand, Boris"]
[Black "Grischuk, Alexander"]
[Result "1-0"]
[WhiteElo "2714"]
[BlackElo "2719"]
[Annotator "Gelfand,B"]
[PlyCount "90"]
[EventDate "2004.04.20"]
[EventType "team-tourn"]
[EventRounds "9"]
[EventCountry "RUS"]
[SourceTitle "EXT 2020"]
[Source "ChessBase"]
[SourceDate "2019.10.17"]
[SourceVersion "1"]
[SourceVersionDate "2019.10.17"]
[SourceQuality "1"]
[WhiteTeam "Samara Termosteps"]
[BlackTeam "Ekaterinburg Max Ven"]
[WhiteTeamCountry "RUS"]
[BlackTeamCountry "RUS"]

1. d4 {Ftacnik} d5 2. c4 e6 3. Nc3 c5 4. cxd5 exd5 5. Nf3 Nc6 6. g3 Nf6 7. Bg2
Be7 8. O-O O-O 9. Bg5 c4 10. Ne5 Be6 11. b3 Qa5 12. Qd2 $1 Rad8 (12... Bb4 13.
Bxf6 gxf6 14. Nxc6 bxc6 15. Rfc1 $14) (12... Qa6 13. bxc4 dxc4 14. Nxc6 bxc6
15. Qc2 $14) (12... Rfd8 $2 13. Nxc6 bxc6 14. bxc4 dxc4 15. Bxc6 {xRa8}) 13.
bxc4 $1 Bb4 {Ftacnik: 'Grischuk tries to improve on the older game with 13...
Nxe5, since it was clearly better for white.'} (13... Nxe5 14. Nxd5 $1 Qxd2 (
14... Rxd5 15. cxd5 Qxd2 16. Bxd2 Nc4 17. dxe6 Nxd2 18. Rfd1 $16) 15. Nxe7+ Kh8
16. Bxd2 Nxc4 17. Bb4 Rfe8 18. Bxb7 $1 (18. d5 $2 Nxd5 19. Nxd5 Bxd5 20. Rfd1
Be6 {O'Cinneide,M-Halkias,S/Leon 2001/`}) 18... Rd7 ({or} 18... Rb8 19. Bc6
Rxb4 20. Bxe8 Nxe8 21. Rab1) 19. Bc6 Rexe7 20. Bxe7 Rxe7 21. Rfc1 $16) 14. Nxc6
bxc6 15. Rfc1 (15. Rac1 dxc4 16. Bxc6 Qb6 17. d5 (17. Bxf6 gxf6 18. d5 $2 Qxc6)
17... Rxd5 (17... Bxc3 18. Qxc3 Nxd5 19. Qxc4 Ne7) 18. Bxd5 Nxd5 19. Nxd5 Bxd2
20. Nxb6 Bxc1 $11) 15... dxc4 16. Bxf6 (16. Bxc6 Qb6 17. d5 Ne4) 16... gxf6 17.
e3 (17. a3 {Ftacnik} Bxc3 18. Rxc3 c5 19. d5 Bxd5 20. Qc2 $14) 17... c5 18. d5
$1 Bxc3 19. Rxc3 (19. Qxc3 Qxc3 20. Rxc3 Bxd5 21. Bxd5 Rxd5 22. Rxc4 Rb8 23.
Rc2 Rb6 $14) 19... Bxd5 20. Bxd5 Rxd5 21. Qc2 $16 {'!' Ftacnik. Ftacnik:
'Gelfand doesn't want to give black excellent counterplay with active queen on
c3 supporting the dangerous c4 pawn.'} Rc8 (21... Rfd8 22. Rxc4 Qd2 $2 23. Rxc5
$18) 22. Rxc4 $6 (22. Rc1 $1 Rd3 $140 $2 23. Rxc4 Qd2 24. Rxc5 $1) (22. Rb1 $5)
22... Qd2 23. Rc1 (23. Qe4 Rcd8 {/\ Qe2 and Rd1}) 23... Qxc2 24. R1xc2 Rc6 (
24... Kg7 25. Rb2 Rc6 26. Rb7) 25. Kg2 $2 (25. Rb2 $6 Rb6) (25. Ra4 $1 Rc7 26.
Kg2 f5 27. Kf3 $16) 25... Ra6 $1 26. a4 (26. Kf3 Ra3 $11) 26... h6 $6 (26...
Kg7 $142 27. Kf3 Kg6 28. Ke2 (28. Rg4+ Rg5) 28... f5 29. Rd2 Rad6 (29... Re5
30. Rd8) (29... Rxd2+ 30. Kxd2) 30. Rxd5 Rxd5 31. Rc2 Kf6 32. Rb2 $16) (26...
f5 $2 27. Rxc5 Rxc5 28. Rxc5 Rxa4 29. Rxf5 $18 a5 30. Kf3 Ra1 31. h4 a4 32. Ra5
a3 33. h5 h6 34. g4 Kg7 35. e4 Ra2 36. Ke3 Ra1 37. Ra6 Ra2 (37... a2 38. Kf4)
38. e5 Ra1 39. Kf4 Rf1 40. f3 Ra1 41. Kf5 a2 42. f4) 27. Kf3 Kf8 28. Ke2 Ra5 $2
(28... Ke7 $2 29. Rxc5 Rxc5 30. Rxc5 Rxa4 31. Rh5 $18 Ra1 (31... Kf8 32. Rxh6
Kg7 33. Rh5 Ra1 34. h4 a5 35. Kf3 a4 36. Ra5 a3 37. g4 $1 (37. Kf4 $2 Ra2 38.
f3 Ra1 39. h5 a2 40. g4 Kh7 41. e4 Kg7 $11) 37... Rh1 (37... a2 38. h5) 38. h5
Ra1 39. Ra6) 32. Rxh6 a5 33. h4 a4 34. Rh8 a3 35. Ra8) (28... Rh5 $142 29. h4
Rd5 30. R2c3 $1 (30. Rb2 Rb6 31. Rb5 Rxb5 32. axb5 Kg7 33. Kf3 Rd6 34. Rxc5 Rb6
$11) 30... Kg7 31. Rd3 Rxd3 32. Kxd3 $16) 29. Rb2 $1 Rd6 30. Rb8+ Ke7 31. Rh4
$18 (31. Rc8 Rda6 32. Rc7+ Ke6) 31... Rb6 (31... Rc6 32. Re4+ Re6 33. Rb7+ $1
Kd6 (33... Kf8 34. Rh4 Rc6 35. Rxh6 Kg7 36. Rh4 c4 37. Rb4 c3 38. Rhc4) 34. Rf4
) 32. Rc8 Kd7 33. Rh8 Rb4 34. R4xh6 Rb6 (34... Raxa4 35. Rxf6 Rb2+ 36. Kf3 Raa2
37. Kg2 Ke7 38. Rf4) 35. R6h7 Rxa4 36. Rxf7+ Kc6 (36... Ke6 37. Rhf8) 37. Rxf6+
Kb5 38. Rxb6+ axb6 39. h4 Ra2+ 40. Kf3 c4 41. h5 Ra7 42. Rc8 Rf7+ 43. Ke2 Kb4
44. g4 Rh7 45. f4 Kb5 1-0

[Event "FIDE-Wch k.o."]
[Site "Tripoli"]
[Date "2004.06.24"]
[Round "3.5"]
[White "Grischuk, Alexander"]
[Black "Filippov, Valerij"]
[Result "1-0"]
[WhiteElo "2719"]
[BlackElo "2639"]
[Annotator "Huzman,A"]
[PlyCount "75"]
[EventDate "2004.06.19"]
[EventType "k.o."]
[EventRounds "7"]
[EventCountry "LBY"]
[SourceTitle "CBM 102"]
[Source "ChessBase"]
[SourceDate "2004.09.23"]
[SourceVersion "1"]
[SourceVersionDate "2004.09.23"]
[SourceQuality "1"]

1. d4 d5 2. c4 e6 3. Nf3 Nf6 4. Nc3 dxc4 5. e3 a6 6. Bxc4 b5 7. Bb3 Bb7 8. O-O
c5 9. Qe2 Nbd7 10. Rd1 b4 11. Na4 Qb8 (11... Qc7 12. Bd2 Rc8 13. Rac1 Qb8 14.
Bc4 a5 15. Ba6 Be7 16. dxc5 O-O 17. Nd4 Nxc5 18. Nxc5 Rxc5 19. Rxc5 Bxc5 20.
Nb3 Bb6 21. Bxb7 Qxb7 22. Qb5 Qa7 $11 {1-0 Lokvenc,J-Beni,A/Bad Gastein 1948/
EXT 2000 (83)}) (11... Qa5 12. a3 (12. e4 Qb5 $1 13. Qe1 Bxe4 14. Ne5 c4 15.
Nxc4 Be7 (15... Bd5 $142 16. Ne5 Be7) 16. Bf4 $1 O-O 17. Nd6 Bxd6 18. Bxd6 Rfc8
19. Qxb4 Qc6 20. f3 Nd5 21. Qa3 Bg6 $44 {1/2-1/2 Spassky,B-Keres,P/Amsterdam
1956/Candidates/[ChessBase] (29)}) (12. Bd2 cxd4 (12... Be7 13. a3 Qb5 14. Qxb5
axb5 15. Nxc5 Nxc5 16. dxc5 bxa3 17. Rxa3 Rxa3 18. bxa3 Bxc5 19. Rc1 Ne4 20.
Bb4 Bxb4 21. axb4 O-O 22. Nd4 Nd6 23. Rc5 $14 {0-1 Riedel,A-Wagner Michel,A/
Jueterbog 1985/EXT 2002 (46)}) 13. Nxd4 Be7 (13... e5 14. a3 $6 (14. Rac1 $1
exd4 15. exd4+ Kd8 16. Bf4 $1 $40) 14... exd4 15. exd4+ Kd8 16. Nc5 Bxc5 17.
dxc5 $44 {1/2-1/2 Christiansen,L-Kortschnoj,V/Antwerp 1993/CBM 37/[Ftacnik] 
(48)}) 14. a3 O-O 15. axb4 Bxb4 (15... Qg5 16. f3 Qh5 17. e4 Bd6 18. g3 Rfd8
19. Bc3 Ne5 20. Kg2 Nxf3 21. Nxf3 Nxe4 22. Rd4 Ng5 23. Rf1 Nxf3 24. Rxf3 Be7
25. Re4 Rab8 26. Bc2 $16 {1-0 Spassky,B-Mikenas,V/Yerevan 1962/URS-ch (45)})
16. f3 Nb6 17. e4 Bxd2 18. Qxd2 Qxd2 19. Rxd2 Nxa4 20. Bxa4 Rfc8 $11 {0-1
Panno,O-Pilnik,H/Buenos Aires 1958/MCL/[ChessBase] (39)}) (12. Ne5 Nxe5 13.
dxe5 Nd7 14. f4 Bc6 15. Qc2 c4 16. a3 Bd5 17. Bxc4 Bxc4 18. Qxc4 Qxa4 19. b3
Qb5 {0-1 Vasilev,D-Semkov,S/Bankia 1992/EXT 98 (19)}) (12. dxc5 Nxc5 13. Nxc5
Bxc5 14. Bd2 Qb5 $2 (14... O-O 15. a3 Qb6 $11) 15. Qxb5+ axb5 16. Rac1 Ne4 17.
Be1 O-O 18. Nd4 $16 {1-0 Liberzon,V-Nurmamedov/USSR 4/602 1967/[Yudovich sr.,M]
(44)}) 12... Qb5 13. Qc4 cxd4 (13... Bd5 14. Qxb5 axb5 15. Bxd5 Nxd5 16. Nxc5
Nxc5 17. dxc5 Bxc5 {1/2-1/2 Olafsson,M-Hansson,H/Hallsberg 1973/EXT 2003 (17)})
14. Nxd4 Qxc4 15. Bxc4 Rc8 16. Be2 Be7 17. f3 O-O 18. axb4 Bxb4 19. Bd2 Bxd2
20. Rxd2 Rfd8 $14 {1-0 Bolbochan,J-Devos,P/Dubrovnik 1950/MCD (55)}) (11...
cxd4 12. exd4 Bd5 13. Bc2 Be7 14. Bf4 Qa5 15. b3 O-O 16. Nb2 Qb5 17. Nc4 a5 18.
Nfe5 Rfd8 $2 (18... Qb7 $5 $11) 19. Bd3 (19. Nxf7 $1 $18) 19... Qb7 $11 {
0-1 Bain,B-Karklins,E/Illinois 1993/EXT 2000 (41)}) 12. dxc5 Bxc5 (12... Nxc5
$5 13. Nxc5 Bxc5 14. Ba4+ Ke7 $11) 13. Nxc5 Nxc5 14. Bc2 O-O 15. b3 a5 (15...
Nce4 16. Bb2 Rc8 (16... Nc3 17. Bxc3 bxc3 18. Rd4 Rc8) 17. Bxe4 Nxe4 18. Be5
Qa7 19. Rd7 Nc5 20. Rd4 f6 21. Bd6 a5 $11) 16. Bb2 Ba6 17. Qe1 Nfe4 (17... Nce4
$142 18. Ne5 Rc8 19. Nd7 Qb7 20. Nxf6+ Nxf6 21. Rac1 Qe7 $11) 18. Ne5 Rc8 19.
Rac1 Nc3 (19... Qb7 20. f3 Nc3 21. Bxc3 bxc3 22. Rd4 $16 {[%csl Rc3]}) (19...
f6 $2 20. Nc6 $1 Qb7 21. Nxa5 $18) 20. Bxc3 bxc3 21. Nf3 (21. Qxc3 Nd3 (21...
Nxb3 22. Qxc8+ (22. Qxb3 Qxe5 $11) 22... Qxc8 23. Bxh7+ Kxh7 24. Rxc8 Rxc8 25.
axb3 f6 26. Nf3 Rb8 27. Ra1 Rxb3 28. h3 $14) 22. Qxc8+ Bxc8 (22... Qxc8 23.
Bxd3 Qb7 24. Bxa6 Qxa6 25. Rc7 $44) 23. Nc6 Qc7 24. Bxd3 Bb7 $11) (21. f4 $5 f6
22. Nf3 $14) 21... e5 $2 (21... a4 $1 22. bxa4 Qb4 23. Ne5 (23. Nd4 Nxa4 24. a3
$1 Qa5 25. Be4 Rab8 26. Nc6 Rxc6 27. Bxc6 Nb2 28. Rd4 (28. Rb1 Qc7 29. Rdc1
Qxc6 30. Qxc3 Qxc3 31. Rxc3 Rd8 32. h3 Nc4 $14) 28... Nd3 29. Rb1 Rb2 (29...
Rc8) 30. Rxb2 cxb2 31. Qb1 f5 $19 {[%cal Ya5d2,Yd2c1]}) 23... f6 (23... Nxa4
24. Rd4 Qb5 25. Nxf7 $16) 24. Nd7 Ra7 25. Nxc5 Qxc5 26. Bb3 $14) (21... Qb4 22.
Rd4 Qa3 23. Bb1 a4 24. b4 Nb7 25. Ne5 $14 {[%csl Ra3,Rb7]}) 22. Bf5 $1 $18 Rd8
(22... Ne6 23. Rxc3 Rxc3 24. Qxc3 Be2 25. Rd5 Bxf3 26. gxf3 Ng5 27. Kg2 g6 28.
Bd7 $1 $18) 23. Qxc3 Qb4 24. Rxd8+ Rxd8 25. Qxb4 axb4 26. Nxe5 g6 27. h3 Nxb3
28. axb3 gxf5 29. Nc6 Rd2 30. Ne7+ Kg7 31. Nxf5+ Kf6 32. Nd4 Bd3 33. Rc6+ Ke7
34. Rb6 Rd1+ 35. Kh2 Rf1 36. Kg3 Rg1 37. Nf3 Rb1 38. Rxb4 1-0

[Event "Moscow-ch blitz"]
[Site "Moscow"]
[Date "2004.09.05"]
[Round "?"]
[White "Grischuk, Alexander"]
[Black "Amonatov, Farrukh"]
[Result "1-0"]
[WhiteElo "2705"]
[BlackElo "2569"]
[PlyCount "111"]
[EventDate "2004.09.??"]
[EventType "tourn (blitz)"]
[EventRounds "19"]
[EventCountry "RUS"]
[SourceTitle "CBM 102 Extra"]
[Source "ChessBase"]
[SourceDate "2004.11.03"]
[SourceVersion "1"]
[SourceVersionDate "2004.11.03"]
[SourceQuality "1"]

1. d4 d5 2. c4 c6 3. Nc3 Nf6 4. e3 a6 5. Qc2 e6 6. c5 e5 7. dxe5 Nfd7 8. Na4
Nxc5 9. Nxc5 Qa5+ 10. Bd2 Qxc5 11. Bc3 g6 12. e6 Bg7 13. exf7+ Kxf7 14. Bd3
Bxc3+ 15. bxc3 Nd7 16. Nf3 Kg7 17. O-O Nf6 18. a4 Re8 19. Qb2 Rb8 20. a5 Bg4
21. Nd4 Qd6 22. c4 Qe5 23. c5 Kg8 24. Rae1 Bd7 25. h3 Ne4 26. f4 Qg7 27. Bxe4
Rxe4 28. Qb3 Qe7 29. Qc3 Re8 30. Rf3 h5 31. Re2 h4 32. Kf2 Bf5 33. Qa3 Kh7 34.
Qc3 Bd7 35. g4 hxg3+ 36. Rxg3 Qh4 37. Kg2 g5 38. Nf3 Qxg3+ 39. Kxg3 gxf4+ 40.
Kh2 Rxe3 41. Rxe3 Rxe3 42. Qf6 Rxf3 43. Qf7+ Kh6 44. Qxd7 Rb3 45. Qe6+ Kg5 46.
Qg4+ Kf6 47. Qxf4+ Kg7 48. Qg5+ Kf7 49. h4 Rc3 50. h5 Rxc5 51. h6 Rc2+ 52. Kg1
Ra2 53. h7 Ra1+ 54. Kg2 Ra2+ 55. Kg3 Ra3+ 56. Kg4 1-0

[Event "Moscow-ch blitz"]
[Site "Moscow"]
[Date "2004.09.05"]
[Round "?"]
[White "Grischuk, Alexander"]
[Black "Malakhov, Vladimir"]
[Result "0-1"]
[WhiteElo "2705"]
[BlackElo "2674"]
[PlyCount "56"]
[EventDate "2004.09.??"]
[EventType "tourn (blitz)"]
[EventRounds "19"]
[EventCountry "RUS"]
[SourceTitle "CBM 102 Extra"]
[Source "ChessBase"]
[SourceDate "2004.11.03"]
[SourceVersion "1"]
[SourceVersionDate "2004.11.03"]
[SourceQuality "1"]

1. d4 d5 2. c4 c6 3. Nc3 Nf6 4. Nf3 a6 5. a4 e6 6. Bg5 Be7 7. e3 a5 8. Be2 Na6
9. O-O Nb4 10. Rc1 O-O 11. Qb3 b6 12. cxd5 cxd5 13. Na2 Bd7 14. Ne5 Be8 15.
Nxb4 Bxb4 16. Bb5 Rc8 17. Nd3 Bxb5 18. axb5 Be7 19. Rxc8 Qxc8 20. Rc1 Qb7 21.
Bxf6 gxf6 22. Qc2 Rb8 23. Qc6 Qxc6 24. Rxc6 Kf8 25. g4 Ke8 26. Nf4 Kd7 27. b3
Bd8 28. Nh5 Ra8 0-1

[Event "Moscow-ch blitz"]
[Site "Moscow"]
[Date "2004.09.05"]
[Round "?"]
[White "Grischuk, Alexander"]
[Black "Zvjaginsev, Vadim"]
[Result "1-0"]
[WhiteElo "2705"]
[BlackElo "2650"]
[PlyCount "114"]
[EventDate "2004.09.??"]
[EventType "tourn (blitz)"]
[EventRounds "19"]
[EventCountry "RUS"]
[SourceTitle "CBM 102 Extra"]
[Source "ChessBase"]
[SourceDate "2004.11.03"]
[SourceVersion "1"]
[SourceVersionDate "2004.11.03"]
[SourceQuality "1"]

1. d4 Nf6 2. c4 g6 3. Nc3 Bg7 4. e4 d6 5. f3 O-O 6. Nge2 a6 7. Bg5 c6 8. Qd2 b5
9. Ng3 Nbd7 10. Rd1 Bb7 11. Be2 bxc4 12. Bxc4 d5 13. Bb3 e5 14. dxe5 Nxe5 15.
O-O Qb6+ 16. Be3 Qc7 17. Qf2 Rfe8 18. Kh1 a5 19. Bb6 Qe7 20. Rfe1 Ba6 21. Qc2
Qb7 22. Bd4 Nfd7 23. exd5 c5 24. Bg1 c4 25. Ba4 Nd3 26. Rxe8+ Rxe8 27. b3 Nb4
28. Qd2 Rd8 29. Nge4 cxb3 30. axb3 h6 31. d6 Kh7 32. h3 Rc8 33. Nd5 Nd3 34. Nc7
Rxc7 35. dxc7 Qxc7 36. Bxd7 Qxd7 37. Nf2 Nxf2+ 38. Bxf2 Qe6 39. Qxa5 Qxb3 40.
Qd2 Bb7 41. Kg1 Bc3 42. Qd3 Ba6 43. Qd5 Bc4 44. Qd8 Bf6 45. Qd2 Bc3 46. Qc1 Be2
47. Rd8 Bg7 48. Bd4 Bxd4+ 49. Rxd4 Qb6 50. Qe3 Bc4 51. Re4 Qxe3+ 52. Rxe3 h5
53. h4 Kg7 54. Kf2 Bd5 55. Re7 Bc4 56. Ke3 Bb3 57. Kf4 Bd5 1-0

[Event "Moscow-ch blitz"]
[Site "Moscow"]
[Date "2004.09.05"]
[Round "?"]
[White "Morozevich, Alexander"]
[Black "Grischuk, Alexander"]
[Result "1/2-1/2"]
[WhiteElo "2743"]
[BlackElo "2705"]
[PlyCount "67"]
[EventDate "2004.09.??"]
[EventType "tourn (blitz)"]
[EventRounds "19"]
[EventCountry "RUS"]
[SourceTitle "CBM 102 Extra"]
[Source "ChessBase"]
[SourceDate "2004.11.03"]
[SourceVersion "1"]
[SourceVersionDate "2004.11.03"]
[SourceQuality "1"]

1. e4 c5 2. b3 e6 3. Bb2 a6 4. Nf3 d6 5. d4 cxd4 6. Nxd4 Nf6 7. Bd3 Bd7 8. O-O
Nc6 9. Nd2 Be7 10. Qe2 O-O 11. Rad1 Qc7 12. c4 Rfe8 13. Kh1 Nxd4 14. Bxd4 Bc6
15. f4 b5 16. e5 Nd7 17. exd6 Bxd6 18. Ne4 Bxf4 19. Qg4 Be5 20. Ng5 f5 21. Qh3
Nf8 22. Bc5 g6 23. Rde1 Rad8 24. cxb5 axb5 25. a4 bxa4 26. Bc4 Bf6 27. Nxe6
Nxe6 28. Bxe6+ Kg7 29. b4 a3 30. Qxa3 h5 31. Qb3 Qb7 32. Qh3 Rd2 33. Rf2 Rxf2
34. Bxf2 1/2-1/2

[Event "Moscow-ch blitz"]
[Site "Moscow"]
[Date "2004.09.05"]
[Round "?"]
[White "Rychagov, Andrey"]
[Black "Grischuk, Alexander"]
[Result "1/2-1/2"]
[WhiteElo "2512"]
[BlackElo "2705"]
[PlyCount "99"]
[EventDate "2004.09.??"]
[EventType "tourn (blitz)"]
[EventRounds "19"]
[EventCountry "RUS"]
[SourceTitle "CBM 102 Extra"]
[Source "ChessBase"]
[SourceDate "2004.11.03"]
[SourceVersion "1"]
[SourceVersionDate "2004.11.03"]
[SourceQuality "1"]

1. d4 Nf6 2. c4 g6 3. Nc3 d5 4. cxd5 Nxd5 5. Nf3 Bg7 6. Bg5 c5 7. Rc1 Nxc3 8.
bxc3 Qa5 9. Qd2 Bf5 10. e3 Nd7 11. Be2 Nf6 12. O-O Ne4 13. Qb2 Nxg5 14. Bb5+
Kf8 15. Nxg5 Bf6 16. Nf3 Kg7 17. Bc4 Rab8 18. Rfe1 b5 19. Bf1 Be4 20. Nd2 Bd5
21. a3 cxd4 22. cxd4 Rhc8 23. Nb3 Qb6 24. Nc5 Rxc5 25. dxc5 Bxb2 26. cxb6 Bxc1
27. Rxc1 Rxb6 28. Rc7 Ra6 29. Bxb5 Rxa3 30. h4 Kf6 31. Kh2 a5 32. Ra7 h5 33.
Kg3 Ke6 34. Ra6+ Ke5 35. Ra7 Kf6 36. Ra6+ e6 37. Ra7 e5 38. Ra6+ Ke7 39. Ra7+
Kd6 40. Be8 Ra4 41. Bxf7 Rg4+ 42. Kh3 Bxg2+ 43. Kh2 Bc6 44. Rxa5 Rxh4+ 45. Kg3
Rg4+ 46. Kh3 Bg2+ 47. Kh2 h4 48. Ra6+ Ke7 49. Rxg6 Rxg6 50. Bxg6 1/2-1/2

[Event "Moscow-ch blitz"]
[Site "Moscow"]
[Date "2004.09.05"]
[Round "?"]
[White "Vorobiov, Evgeny E"]
[Black "Grischuk, Alexander"]
[Result "0-1"]
[WhiteElo "2534"]
[BlackElo "2705"]
[PlyCount "76"]
[EventDate "2004.09.??"]
[EventType "tourn (blitz)"]
[EventRounds "19"]
[EventCountry "RUS"]
[SourceTitle "CBM 102 Extra"]
[Source "ChessBase"]
[SourceDate "2004.11.03"]
[SourceVersion "1"]
[SourceVersionDate "2004.11.03"]
[SourceQuality "1"]

1. e4 e5 2. Bc4 Nf6 3. d3 Nc6 4. Nf3 Bc5 5. c3 a6 6. Nbd2 Ba7 7. Bb3 O-O 8. h3
d6 9. O-O Be6 10. Re1 Re8 11. Nf1 h6 12. Ng3 Bxb3 13. Qxb3 Rb8 14. Be3 Bxe3 15.
fxe3 Ne7 16. Kh2 Qd7 17. Re2 Ng6 18. Rf1 c6 19. Ref2 d5 20. exd5 cxd5 21. Nd2
Re6 22. Nf5 Kh7 23. Qd1 Rbe8 24. Qf3 e4 25. dxe4 dxe4 26. Qe2 Ne5 27. Nd4 Rb6
28. Nc4 Qc7 29. Nxe5 Rxe5 30. Kg1 Rg5 31. Rf5 Rxf5 32. Rxf5 Qg3 33. b3 Rd6 34.
Qf2 Qg6 35. c4 Rd7 36. Qf4 Nh5 37. Qxe4 Ng3 38. Qe8 Rxd4 0-1